Právna úprava podnikania v cestovnom ruchu v Slovenskej republike a Českej republike bakalárska práca

Gespeichert in:
Bibliographische Detailangaben
1. Verfasser: Weisz, Vivien
Körperschaft: Obchodná fakulta EU. Katedra obchodného práva
Weitere Verfasser: Veterníková, Mária, 1964-
Format: Buch
Sprache:Slowakisch
Veröffentlicht: Bratislava 2021
Tags: Tag hinzufügen
Keine Tags, Fügen Sie das erste Tag hinzu!

MARC

LEADER 00000nbm a2200000 4500
001 0275959
005 20220127122911.9
041 0 |a slo 
044 |a SK 
245 1 0 |a Právna úprava podnikania v cestovnom ruchu v Slovenskej republike a Českej republike  |b bakalárska práca  |c Vivien Weisz ; školiteľ: Mária Veterníková 
264 1 |a Bratislava  |c 2021 
300 |a 48 s. 
100 1 |a Weisz, Vivien 
700 1 |a Veterníková, Mária, 1964- 
710 2 |a Obchodná fakulta EU. Katedra obchodného práva